000 02563cam a2200289 4500500
005 20251228051955.0
041 _afre
042 _adc
100 1 0 _aAdrián Lara, Laura
_eauthor
245 0 0 _aDialectique ramiste et conscience puritaine : le cas de William Ames (1576-1633)
260 _c2020.
500 _a78
520 _aWilliam Ames (1576-1633) a incarné une autorité fondamentale pour les puritains qui ont émigré en Nouvelle-Angleterre. Dans son œuvre, il a la singularité d’allier ses convictions religieuses à une mentalité ramiste. Ames considère la méthode de Ramus comme une manière adéquate de comprendre l’acquisition et la transmission des savoirs. Le système ramiste s’applique aussi au domaine de la théologie et à certaines questions liées au gouvernement de l’individu. Cet article vise à mettre en lumière cette combinaison entre le puritanisme et le ramisme qui caractériserait une façon bien particulière de concevoir le gouvernement de l’individu : un modèle qui renforce la volonté de l’individu et sa capacité de contrôle, en tant qu’instruments essentiels de gouvernement, et qui renferme un objectif émancipateur et égalitaire.
520 _aWilliam Ames (1576-1633) embodied a fundamental authority for the Puritans who immigrated to New-England. In his work he is unique in combining his religious convictions with a Ramist mentality. Ames considers Ramus’ method an adequate way of understanding the acquisition and transmission of knowledge. The Ramist system also applies to the field of theology and to certain questions related to the government of the individual. This article aims to shed light on this combination of Puritanism and Ramism that would characterize a very particular way of conceiving of the government of the individual: a model that strengthens the individual’s will and capacity for control as essential instruments of government, and which contains an emancipatory and egalitarian objective.
690 _adialectique
690 _agouvernement de l’individu
690 _apuritanisme
690 _arhétorique
690 _aWilliam Ames
690 _adialectic
690 _agovernment of the individual
690 _apuritanism
690 _arhetoric
690 _aWilliam Ames
786 0 _nRevue des sciences philosophiques et théologiques | 103 | 2 | 2020-07-02 | p. 349-378 | 0035-2209
856 4 1 _uhttps://shs.cairn.info/revue-des-sciences-philosophiques-et-theologiques-2019-2-page-349?lang=fr&redirect-ssocas=7080
999 _c1582597
_d1582597